Major U.S. Cities east of the Mississippi - Statistics

General Stats
  • This quiz has been taken 19 times
  • The average score is 12 of 15
Answer Stats
Population Answer % Correct
5,025,517 Boston
100%
9,408,576 Chicago
100%
6,457,988 Miami
100%
19,940,274 New York
100%
6,330,422 Philadelphia
93%
2,883,370 Charlotte
86%
2,171,877 Cleveland
86%
4,400,578 Detroit
86%
1,760,548 Jacksonville
86%
6,436,489 Washington D.C
86%
6,411,149 Atlanta
79%
2,429,917 Pittsburgh
79%
1,160,172 Buffalo
50%
3,757,952 Minneapolis
43%
1,394,234 Louisville
36%
No matching quizzes found
Score Distribution
Percent of People with Each Score
Percentile by Number Answered
Your Score History
You have not taken this quiz